000 00454nam a2200181Ia 4500
008 230711s9999||||xx |||||||||||||| ||und||
020 _a978-81-315-2508-1
041 _aENG
082 _a671.35
_bHO-P
100 _aHoffman,Peter J
245 0 _aPrecision Machining Technology
250 _a1st SI Ed.
260 _c2014
_aDelhi
_bCengage Learning
300 _a746p.
650 _aMechanical Engineering
700 _aHopewell,Eric S
942 _cBK
999 _c6677
_d6677